1732 1525 1807 1052 1270 1181 1878 1247 1575 1977 1934 1764 1963 1036 1024 1904 1464 1443 1664 1735 1860 1767 1579 1424 1075 1059 1179 1014 1954 1144 1508 1735 1476 1242 1673 1072 1893 1270 1853 1625 1096 1938 1508 1416 1003 1440 1609 1483 1353 1224 1703 1559 1135 1066 1524 1918 1376 1896 1807 1347 1873 1321 1963 1566 1530 1341 1086 1828 1730 1211 1585 1874 1983 1846 1081 1599 1980 1436 1725 1257 1793 1487 1499 1100 1208 1483 1440 1755 1126 1212 1793 1162 1733 1715 1601 1712 1571 1272 1513 BCNSPRNW ULIB Ver.6.0+V

เปลี่ยนเป็นภาษาไทย

Change to English
 แสดงรายละเอียดบรรณานุกรม
  กลับหน้าหลัก

Brief Record : Get Marc (ISO 2709) : E-mail record : QR code < ปิดหน้าต่าง
LEADER : 00000nam 2200000uu 4500
001    13399125542
003     ULIB
008    170623s2559||||th 000 0 tha d
020    ^a9786163447685
060    ^aWI300 ก125ด
100    ^aกนกอร บุญพิทักษ์
245    ^aดูแลกระเพาะอาหารและลำไส้
250    ^aพิมพ์ครั้งที่ 1
260    ^aกรุงเทพฯ :^bFeel good Publishing,^c2559
300    ^a224 หน้า^bภาพประกอบ
650    ^aกระเพาะอาหารและลำไส้, โรค^xการดูแล
945    ^p170^l0^i25218
999    ^aกัณชพร
รายการนี้ยังไม่มีแท็ก
คุณยังไม่ได้ล็อกอิน คุณสามารถมีกิจกรรมร่วมกับเว็บไซต์ได้ แต่ต้องล็อกอินก่อน ::
  ล็อกอิน

รายการสื่อสารสนเทศ

ลำดับที่ ประเภท เลขเรียก/บาร์โค้ด สถานที่ สถานะ
1. หนังสือสำรอง
หนังสือสำรอง
สถานะ=หนังสือเก่า
WI300 ก125ด ฉ.1 
  Barcode: 25218
ห้องสมุดวิทยาเขตนครสวรรค์
►ส่วนจัดเก็บหนังสือเก่า นว.
บนชั้น
  ขอยืม

รายการใกล้เคียง
    ชื่อเรื่อง [ดูแลกระเพาะอาหารและลำไส้]

    ผู้แต่ง [กนกอร บุญพิทักษ์]

BibComment


ยังไม่เคยถูกคอมเมนท์

คอมเมนท์ทรัพยากรรายการนี้
  คอมเมนท์: ดูแลกระเพาะอาหาร..


 Copyright 2026. Bcnsprnw @Library